Disney Movies - Sudden Death - Statistics

General Stats
  • This quiz has been taken 1,869 times
    1,060 since last reset
  • The average score is 6 of 15
Answers on the Grid
Answers color-coded by a green-red scale on the quiz's grid according to % correct below.
Alice in Wonderland
Anastasia
Atlantis: The Lost Empire
Beauty and the Beast
Big Hero 6
Boss Baby
Brave
Cinderella
Coco
Despicable Me
Finding Nemo
Frozen
Hercules
Ice Age
Inside Out
Lady and the Tramp
Lilo and Stitch
Lion King
Luca
Moana
Paddington
Peter Pan
Ratatouille
Shrek
Sing
Sleeping Beauty
The Super Mario Bros Movie
Toy Story
Wreck-It-Ralph
Zootopia
 
Answer Stats
Answer % Correct
Cinderella
47%
Sleeping Beauty
45%
Frozen
44%
Beauty and the Beast
43%
Lion King
43%
Lilo and Stitch
41%
Lady and the Tramp
40%
Peter Pan
40%
Hercules
38%
Moana
38%
Alice in Wonderland
36%
Zootopia
29%
Atlantis: The Lost Empire
25%
Big Hero 6
25%
Wreck-It-Ralph
22%
No matching quizzes found
Score Distribution
Percent of People with Each Score
Percentile by Number Answered
Your Score History
You have not taken this quiz since the last reset